| 000 | 00368cam a22001217a 4500 | ||
|---|---|---|---|
| 008 | 180718b1963 xxu||||| |||| 00| 0 eng d | ||
| 082 | _aR175x42 C246 | ||
| 100 | _aCarter, M.P. | ||
| 245 |
_aEducation, employment and leisure: a study of ordinary young people _cby M.P. Carter |
||
| 260 |
_aOxford _bPergamon _c1963 |
||
| 300 | _a170p. | ||
| 650 | _aYouth - Employment - UK | ||
| 999 |
_c361740 _d361740 |
||